Taymāʾ III: Catalogue of the Inscriptions in the Taymāʾ Museum and Other Collections

محفوظ في:

مؤلفون آخرون: Macdonald, Michael C.A. (المحرر), al-Najem, Muhammad (المحرر), Imbert, Frédéric (مساهم), Norris, Jérôme (مساهم), Stein, Peter (مساهم)

التنسيق: كتاب

منشور في: Oxford Archaeopress Publishing Ltd 2025

الوسوم: إضافة وسم

لا توجد وسوم, كن أول من يضع وسما على هذه التسجيلة!

رقم الطلب:

LEADER 00901namaa2200217 4500
001 9781803279459
003 UkOxAP
005 20260405155018.0
020 |a 9781803279466 
776 1 |x 9781803279459 
245 0 0 |a Taymāʾ III: Catalogue of the Inscriptions in the Taymāʾ Museum and Other Collections 
100 1 |a Macdonald, Michael C.A.  |e Editor  |l English 
700 1 |a al-Najem, Muhammad  |e Editor  |l English 
700 1 |a Imbert, Frédéric  |e Contributor  |l English 
700 1 |a Norris, Jérôme  |e Contributor  |l English 
700 1 |a Stein, Peter  |e Contributor  |l English 
856 4 2 |a http://library.arce.org:8087/Archaeopress/Products/9781803279466 
260 |a Oxford  |b Archaeopress Publishing Ltd  |c 2025 
270 |a Archaeopress Publishing Ltd, Summertown Pavillion, 18 -24 Middle Way, Summertown  |b Oxford  |d United Kingdom  |e OX2 7LG  |k 44-1865-311914  |m info@archaeopress.com 
942 |2 lcc  |c EBOOK 
999 |c 62121  |d 62121